LDR 00778nam a2200217 i 4500 001 000000159542 003 CaOOAMICUS 005 20260423101538.0 008 070228s1992 it u000 u ita u 013 $a136905 040 $aSeMil$bita 245 10$aMatteo 16,21-28,20. 260 $aBrescia :$bMorcelliana,$c1992. 300 $aP. 504-1014. 773 0 $tVangelo secondo Matteo.$dBrescia : Morcelliana, 1992.$kNuovo Testamento commentato$z88-372-1484-7$gVol.2$w()920 850 $aSeMil 852 $aSeMil$W1$xVenegono$y1$m2Z IV 5$j270733$B111099$CSeMilBibl$Z2$F120707 $81 961 $aRecupero: Altro 996 $6245$aMatteo 16,21-28,20$9(OLS)http://semarc/title/141644 996 $6260$aBrescia :$bMorcelliana$9(OLS)http://semarc/publisher/29629